| 000 | 00431nam a22001697a 4500 | ||
|---|---|---|---|
| 999 |
_c525292 _d525292 |
||
| 003 | NUST | ||
| 038 | _awaseem | ||
| 082 |
_a891.431092 _bADB |
||
| 245 | _aHayat-e-Iqbal / | ||
| 260 |
_aLahore : _bMuhammad Sohail Umer, _c1999. |
||
| 300 | _a62 p. ; | ||
| 500 | _aPaperback. | ||
| 710 |
_aSobha-e-Adabiyat _916029 |
||
| 880 |
_6710-01\r _aشعبہِ ادبیات |
||
| 880 |
_6245-02\r _aحیاتِ اقبال / |
||
| 942 |
_2ddc _cBK |
||